Score 0/16 Timer 04:00
4 Plays Today
Hint Answer % Correct
Donkey ____ 64Kong
96.3%
____ Of WarcraftWorld
92.1%
The ____ of ZeldaLegend
90.7%
_____ Fantasy VIIIFinal
89.2%
Call of Duty: ____ OpsBlack
87.6%
Oregon ____Trail
80.9%
_____ CreedAssassin's
76.8%
Super _____ Bros. BrawlSmash
71.3%
Hint Answer % Correct
Red ____ RedemptionDead
69.4%
Grand Theft Auto: ____ CityVice
66.6%
Mega ____ 2Man
66.4%
Space ____Invaders
62%
____ DugDig
60.4%
Wii ____ PlusFit
59.6%
_____ & ConquerCommand
51.8%
____: Combat EvolvedHalo
37.5%

Today's Daily Dose

Remove Ads.
Support Sporcle.
Get the best of Sporcle when you Go Orange. This ad-free experience offers more features, more stats, and more fun while also helping to support Sporcle. Thank you for becoming a member.

You're not logged in!

Compare scores with friends on all Sporcle quizzes.
OR
Log In

Show Comments

Extras

Top Quizzes Today


Score Distribution

Your Account Isn't Verified!

In order to create a playlist on Sporcle, you need to verify the email address you used during registration. Go to your Sporcle Settings to finish the process.

Report this User

Report this user for behavior that violates our Community Guidelines.

Details: